01795naa a2200217 a 450000100080000000500110000800800410001910000190006024500780007926000090015752012020016665300090136865300230137765300280140065300220142865300130145070000180146370000180148170000160149977300620151510650112009-07-10 2008 bl uuuu u00u1 u #d1 aFERREIRA, E.A. aAduba????o fosfatada e pot??ssica na forma????o de mudas de tamarindeiro. c2008 aO conhecimento do manejo da aduba????o na propaga????o de frut??feras ?? fundamental para obten????o de mudas bem formadas que garantir??o o sucesso na implanta????o e, conseq??entemente, na produtividade de pomares. No caso do tamarindeiro, ainda s??o poucas as pesquisas nessa ??rea, o que levou a execu????o deste trabalho, que teve como objetivo avaliar os efeitos da aduba????o pot??ssica e fosfatada no desenvolvimento de mudas de tamarindeiro. O experimento foi conduzido em casa de vegeta????o com 50% de luminosidade, com delineamento experimental blocos casualizados num esquema fatorial 4 x 4, sendo testadas quatro doses de f??sforo tendo como fonte o superfosfato simples a 0; 2,5; 5,0 e 10,0 kg m-?? e quatro de pot??ssio tendo como fonte o cloreto de pot??ssio a 0; 1; 2; e 4 kg m-?? de substrato. Cento e vinte dias ap??s a germina????o procedeu-se a avalia????o das seguintes caracter??sticas: altura de mudas e comprimento de raiz, n??mero de folhas, peso da massa seca de raiz e parte a??rea. Recomenda-se a aplica????o de 3 kg m-?? de cloreto de pot??ssio para maior altura das mudas e 5 kg m-3 de superfosfato simples para ganhos em comprimento de raiz e n??mero de folhas. aMuda aNutri????o mineral aPropaga????o vegetativa aTamarindus Indica aTamarino1 aMENDON??A, V.1 aSOUZA, H.A.de1 aRAMOS, J.D. tScientia Agraria, Curitibagv. 9, n. 4, p. 475-480, 2008.